[Event "Tournoi francophone 004 Groupe C"]
[Site "Skype"]
[Date "????.??.??"]
[Round "1.1"]
[White "Sahrane, Juba"]
[Black "De Coninck, Philippe"]
[Result "1-0"]
[WhiteElo "1615"]
[BlackElo "1426"]
[PlyCount "55"]

1. e4 e5 2. Nf3 Nf6 3. Nxe5 d6 4. Nf3 Nxe4 5. Qe2 d5 6. d3 Bf5 7. dxe4 dxe4 8.
Qb5+ Bd7 9. Qe5+ Qe7 10. Qxe7+ Bxe7 11. Nfd2 Bg5 12. Nc3 e3 13. fxe3 Bxe3 14.
Nf3 Bc5 15. Nd5 Bd6 16. Bc4 Be6 17. O-O O-O 18. b3 Nd7 19. Bb2 Bxd5 20. Bxd5 c6
21. Bc4 Rfe8 22. Ng5 Re7 23. Nxf7 Bc5+ 24. Kh1 b5 25. Nh6+ Kh8 26. Bd3 Rae8 27.
Nf5 Ne5 28. Nxe7 1-0

[Event "Tournoi francophone 004 Groupe C"]
[Site "Skype"]
[Date "????.??.??"]
[Round "1.2"]
[White "Martin, Jean-Claude"]
[Black "Fouquereau, Andre"]
[Result "0-1"]
[WhiteElo "1464"]
[BlackElo "1443"]
[PlyCount "78"]

1. d4 d5 2. c4 Nf6 3. Nc3 c6 4. Nf3 Bg4 5. Ne5 Bh5 6. Bf4 Nbd7 7. Nxd7 Qxd7 8.
cxd5 cxd5 9. Qa4 Qxa4 10. Nxa4 e6 11. a3 Be7 12. e3 O-O 13. Rc1 Rac8 14. Nc3
Ne4 15. Bd3 Rc6 16. Bxe4 dxe4 17. O-O Rfc8 18. h3 f5 19. Be5 Kf7 20. f3 exf3
21. gxf3 g5 22. Ne2 Bxf3 23. Rxf3 Rxc1+ 24. Nxc1 Rxc1+ 25. Rf1 Rxf1+ 26. Kxf1
Kg6 27. Kg2 h5 28. Kf3 Bf6 29. Bxf6 Kxf6 30. b4 b5 31. Kg3 e5 32. d5 e4 33. h4
gxh4+ 34. Kxh4 Ke5 35. Kxh5 Kxd5 36. Kh4 Kc4 37. Kg5 Kd3 38. Kf4 a6 39. Kxf5
Kxe3 0-1

[Event "Tournoi francophone 004 Groupe C"]
[Site "Skype"]
[Date "????.??.??"]
[Round "1.3"]
[White "L'Herbon De Lussats, Jean"]
[Black "Coruble, Didier"]
[Result "1-0"]
[WhiteElo "1515"]
[BlackElo "1479"]
[PlyCount "99"]

1. c4 c5 2. e4 Nc6 3. Nf3 e5 4. Be2 h6 5. O-O Nge7 6. d3 Ng6 7. b3 d6 8. a4 a5
9. Na3 Be6 10. Nb5 Be7 11. Bb2 O-O 12. Qc2 Nf4 13. Bc3 Nxe2+ 14. Qxe2 Bg4 15.
h3 Nd4 16. Bxd4 Bxf3 17. Qxf3 cxd4 18. Rab1 Qd7 19. Qd1 f5 20. f4 exf4 21. Nxd4
fxe4 22. dxe4 Bf6 23. Nf5 Be5 24. Qd5+ Kh7 25. c5 g6 26. Nxd6 Bxd6 27. cxd6 Ra6
28. e5 Rf5 29. Rfd1 Rg5 30. Rd3 Rc6 31. Rf1 Rc2 32. Rf2 Rc1+ 33. Kh2 Rf5 34. h4
Qd8 35. Rh3 Qb6 36. Rhf3 Rh5 37. Rxf4 Rxh4+ 38. Kg3 Rxf4 39. Rxf4 Qe3+ 40. Rf3
Qg5+ 41. Kf2 Rc2+ 42. Ke1 Qh4+ 43. Kd1 g5 44. Qf7+ Kh8 45. Qf8+ Kh7 46. Rf7+
Kg6 47. Rf6+ Kh5 48. Rxh6+ Kg4 49. Rxh4+ gxh4 50. Kxc2 1-0

[Event "Tournoi francophone 004 Groupe C"]
[Site "Skype"]
[Date "????.??.??"]
[Round "1.4"]
[White "Dubois, Real"]
[Black "Gerbaux, Regis"]
[Result "0-1"]
[WhiteElo "1418"]
[BlackElo "1435"]
[PlyCount "82"]

1. d4 d5 2. e3 a6 3. Nf3 e6 4. Bd3 Nf6 5. c3 b5 6. Qe2 Bb7 7. Nbd2 Be7 8. Nb3
c6 9. Bd2 O-O 10. O-O Nbd7 11. Rfe1 Bd6 12. e4 dxe4 13. Bxe4 Rb8 14. Bd3 c5 15.
dxc5 Nxc5 16. Nxc5 Bxc5 17. Ne5 Bd6 18. Bf4 Qc7 19. Bg3 Bxe5 20. Bxe5 Qc6 21.
f3 Rbd8 22. Bxf6 gxf6 23. Be4 Qc5+ 24. Kh1 Bxe4 25. fxe4 Qe5 26. Rad1 Rxd1 27.
Rxd1 Kh8 28. a3 f5 29. Qh5 Qxe4 30. Qf3 Qxf3 31. gxf3 Rg8 32. Rd6 e5 33. Rxa6
e4 34. fxe4 fxe4 35. Rd6 e3 36. Rd1 f5 37. Re1 f4 38. b3 f3 39. h4 f2 40. Rf1
e2 41. Rxf2 e1=Q+ 0-1

[Event "Tournoi francophone 004 Groupe C"]
[Site "Skype"]
[Date "????.??.??"]
[Round "1.5"]
[White "Porcabeuf, Jean-Marc"]
[Black "Malbec, Robert"]
[Result "1-0"]
[WhiteElo "1359"]
[BlackElo "1504"]
[PlyCount "55"]

1. d4 d5 2. c4 Bg4 3. h3 Bh5 4. g4 Bg6 5. Nf3 e6 6. a3 Nf6 7. Nc3 Be7 8. Bg2
O-O 9. cxd5 exd5 10. O-O c6 11. Ne5 Bd6 12. Nxg6 fxg6 13. Re1 Bc7 14. e4 dxe4
15. Nxe4 Nxe4 16. Rxe4 Nd7 17. Re2 Nf6 18. Be3 Qd6 19. f4 Nd5 20. Bxd5+ Qxd5
21. Rf2 Bxf4 22. Bxf4 Rxf4 23. Rxf4 Qg5 24. Qf3 Qb5 25. Rf1 h6 26. Rf8+ Rxf8
27. Qxf8+ Kh7 28. Rf7 1-0

[Event "Tournoi francophone 004 Groupe C"]
[Site "Skype"]
[Date "????.??.??"]
[Round "2.1"]
[White "De Coninck, Philippe"]
[Black "Malbec, Robert"]
[Result "1-0"]
[WhiteElo "1426"]
[BlackElo "1504"]
[PlyCount "59"]

1. e4 e5 2. Nf3 Nc6 3. Bb5 a6 4. Bxc6 dxc6 5. d4 Bg4 6. c3 Bd6 7. dxe5 Bxe5 8.
Qxd8+ Rxd8 9. Nxe5 Be6 10. O-O Nf6 11. Nd2 O-O 12. f4 Rd6 13. f5 Bc8 14. Ndc4
Rdd8 15. Bg5 h6 16. Bxf6 gxf6 17. Ng4 Kg7 18. Rf3 Bd7 19. Raf1 b5 20. Nce3 Rfe8
21. Rf4 h5 22. Nf2 c5 23. Rh4 Kh6 24. Nd3 c4 25. Nc5 Bc8 26. Rf3 Rd1+ 27. Nf1
Rb1 28. Rfh3 Kg5 29. Rxh5+ Kg4 30. R3h4# 1-0

[Event "Tournoi francophone 004 Groupe C"]
[Site "Skype"]
[Date "????.??.??"]
[Round "2.2"]
[White "Gerbaux, Regis"]
[Black "Porcabeuf, Jean-Marc"]
[Result "1-0"]
[WhiteElo "1435"]
[BlackElo "1359"]
[PlyCount "61"]

1. e4 e5 2. Nf3 Nc6 3. Bb5 a6 4. Bxc6 bxc6 5. O-O d6 6. h3 Bb7 7. c3 h6 8. d4
exd4 9. cxd4 Nf6 10. Nc3 Be7 11. d5 cxd5 12. exd5 O-O 13. Re1 Re8 14. b3 c6 15.
dxc6 Bxc6 16. Nd4 Bb7 17. Bf4 Rc8 18. Rc1 Rc7 19. Re3 Qa8 20. f3 Nh5 21. Nce2
Rd8 22. Nf5 Bg5 23. Bxg5 hxg5 24. Rxc7 g4 25. hxg4 Nf6 26. Kf2 Nxg4+ 27. fxg4
Bxg2 28. Qd4 f6 29. Rxg7+ Kh8 30. Nf4 Bh1 31. Ng6# 1-0

[Event "Tournoi francophone 004 Groupe C"]
[Site "Skype"]
[Date "????.??.??"]
[Round "2.3"]
[White "Coruble, Didier"]
[Black "Dubois, Real"]
[Result "0-1"]
[WhiteElo "1479"]
[BlackElo "1418"]
[PlyCount "136"]

1. b4 e6 2. b5 b6 3. e4 d5 4. e5 Bb7 5. d4 Nd7 6. c3 g6 7. f4 Bg7 8. h4 Ne7 9.
g4 c6 10. a4 cxb5 11. axb5 Qc8 12. Nf3 O-O 13. h5 Re8 14. h6 Bh8 15. Ng5 Nf8
16. Ba3 a6 17. Bd6 axb5 18. Rxa8 Qxa8 19. Bxb5 Bc6 20. Bxc6 Nxc6 21. O-O Qa1
22. Ba3 Ra8 23. Qb3 Na5 24. Qb4 Nc4 25. Nd2 Qxa3 26. Qxa3 Rxa3 27. Nb1 Ra2 28.
Nf3 Ne3 29. Rf2 Rxf2 30. Kxf2 Nxg4+ 31. Kg3 Nxh6 32. Na3 Nf5+ 33. Kf2 Nd7 34.
Nb5 Bg7 35. Ng5 h6 36. Nh3 Bf8 37. Kf3 Be7 38. Nf2 h5 39. Nd3 Kg7 40. Nb4 Kh6
41. Nc6 Bh4 42. Nd6 Be1 43. Nxf7+ Kg7 44. Ng5 Nf8 45. Nd8 Bxc3 46. Ndxe6+ Nxe6
47. Nxe6+ Kh6 48. Ng5 Nxd4+ 49. Ke3 Nf5+ 50. Kd3 Be1 51. e6 Ne7 52. Kd4 b5 53.
Nf3 Bf2+ 54. Ke5 Bc5 55. Nd2 b4 56. Nb3 Bf2 57. Kd6 Nf5+ 58. Kxd5 Ne7+ 59. Kc4
h4 60. Nd2 h3 61. Nf3 Kh5 62. Kxb4 Kg4 63. Nh2+ Kxf4 64. Kb5 Kg3 65. Nf1+ Kg2
66. Nh2 Kxh2 67. Kb4 Kg2 68. Kc4 h2 0-1

[Event "Tournoi francophone 004 Groupe C"]
[Site "Skype"]
[Date "????.??.??"]
[Round "2.4"]
[White "Fouquereau, Andre"]
[Black "L'Herbon De Lussats, Jean"]
[Result "1-0"]
[WhiteElo "1443"]
[BlackElo "1515"]
[PlyCount "53"]

1. e4 c5 2. Nf3 Nc6 3. Bc4 b6 4. c3 e6 5. O-O Nge7 6. Qc2 g6 7. a3 Bg7 8. d4
cxd4 9. cxd4 Nxd4 10. Nxd4 Bxd4 11. Bh6 Bb7 12. Qd2 Be5 13. Nc3 Rc8 14. f4 Rxc4
15. fxe5 Bxe4 16. Nxe4 Rxe4 17. Bg7 Rg8 18. Bf6 Qc7 19. Rac1 Qb7 20. Qd6 Nd5
21. Rc2 g5 22. Rfc1 Re1+ 23. Rxe1 b5 24. Rec1 Qb6+ 25. Qxb6 Nxb6 26. Rc8+ Nxc8
27. Rxc8# 1-0

[Event "Tournoi francophone 004 Groupe C"]
[Site "Skype"]
[Date "????.??.??"]
[Round "2.5"]
[White "Sahrane, Juba"]
[Black "Martin, Jean-Claude"]
[Result "1-0"]
[WhiteElo "1615"]
[BlackElo "1464"]
[PlyCount "79"]

1. e4 d5 2. exd5 Qxd5 3. Nc3 Qa5 4. Nb5 a6 5. Nc3 Nf6 6. Nf3 Bg4 7. h3 Bh5 8.
g4 Bg6 9. Bg2 c6 10. O-O e6 11. Re1 Bd6 12. d3 h6 13. Bd2 Qc7 14. Qe2 O-O 15.
Kh1 Re8 16. Nh4 Bh7 17. Ne4 Bxe4 18. Bxe4 Nxe4 19. Qxe4 Qe7 20. Nf3 Nd7 21. Rg1
Nf6 22. Qe2 Nh7 23. g5 hxg5 24. Nxg5 Nxg5 25. Bxg5 f6 26. Bh6 g5 27. Qh5 Qf7
28. Qg4 Qg6 29. Bxg5 fxg5 30. h4 Qh6 31. Qd4 e5 32. Rxg5+ Kf7 33. Qg4 Rg8 34.
Qd7+ Be7 35. Rf5+ Kg6 36. Rg1+ Kh7 37. Qxe7+ Rg7 38. Rxg7+ Qxg7 39. Rh5+ Kg8
40. Rg5 1-0

[Event "Tournoi francophone 004 Groupe C"]
[Site "Skype"]
[Date "????.??.??"]
[Round "3.1"]
[White "Martin, Jean-Claude"]
[Black "De Coninck, Philippe"]
[Result "1/2-1/2"]
[WhiteElo "1464"]
[BlackElo "1426"]
[PlyCount "76"]

1. d4 e5 2. dxe5 Nc6 3. Nf3 Qe7 4. a3 Nxe5 5. Nxe5 Qxe5 6. Nc3 Nf6 7. e3 Bc5 8.
Bd3 d5 9. O-O O-O 10. h3 Bd6 11. f4 Qe7 12. Nb5 a6 13. Nxd6 Qxd6 14. c3 Re8 15.
Re1 g6 16. b4 Nh5 17. g4 Ng3 18. Kf2 Ne4+ 19. Bxe4 Rxe4 20. Qf3 Qf6 21. Bd2
Qh4+ 22. Qg3 Qxg3+ 23. Kxg3 Bd7 24. Rac1 Rae8 25. h4 f5 26. g5 Kg7 27. Ra1 Rh8
28. c4 Rxc4 29. Rac1 Re8 30. Rxc4 dxc4 31. Kf2 h6 32. Bc3+ Kh7 33. Rd1 Bc6 34.
Be5 Re7 35. Rd8 Re8 36. Rxe8 Bxe8 37. Bxc7 hxg5 38. hxg5 Kg7 1/2-1/2

[Event "Tournoi francophone 004 Groupe C"]
[Site "Skype"]
[Date "????.??.??"]
[Round "3.2"]
[White "L'Herbon De Lussats, Jean"]
[Black "Sahrane, Juba"]
[Result "0-1"]
[WhiteElo "1515"]
[BlackElo "1615"]
[PlyCount "64"]

1. d4 d5 2. c4 e5 3. dxe5 d4 4. Nf3 Nc6 5. Qc2 Bg4 6. Bf4 Bxf3 7. exf3 Bb4+ 8.
Nd2 Nge7 9. Bd3 O-O 10. O-O Re8 11. Bxh7+ Kh8 12. Be4 g6 13. Nb3 Kg7 14. c5 Rh8
15. a3 f5 16. exf6+ Kxf6 17. axb4 Nxb4 18. Qc4 Nec6 19. Rfd1 Kg7 20. Bd2 Qh4
21. h3 a5 22. Nxd4 Ne5 23. Qc3 Qf6 24. f4 Qh4 25. f3 Qg3 26. fxe5 Rxh3 27. Kf1
Rh1+ 28. Ke2 Qxg2+ 29. Ke3 Qg5+ 30. Kf2 Rh2+ 31. Kf1 Qg2+ 32. Ke1 Qg1# 0-1

[Event "Tournoi francophone 004 Groupe C"]
[Site "Skype"]
[Date "????.??.??"]
[Round "3.3"]
[White "Dubois, Real"]
[Black "Fouquereau, Andre"]
[Result "0-1"]
[WhiteElo "1418"]
[BlackElo "1443"]
[PlyCount "86"]

1. d4 d5 2. c3 Nf6 3. e3 c6 4. Bd3 Bg4 5. Qc2 Nbd7 6. h3 Bh5 7. Ne2 e5 8. Ng3
e4 9. Be2 Bg6 10. O-O Qc7 11. c4 Bd6 12. cxd5 Bxg3 13. fxg3 Nxd5 14. Nc3 Qxg3
15. Nxd5 cxd5 16. Bb5 Rd8 17. Qa4 Qd6 18. Bxd7+ Rxd7 19. Qxa7 O-O 20. Qa4 Rc8
21. Qd1 Rdc7 22. b3 Rc2 23. a4 Qg3 24. Bd2 R8c3 25. Re1 Rc6 26. b4 Rb2 27. b5
Rcc2 28. Re2 Rxd2 29. Rxd2 Qxe3+ 30. Kf1 Rxd2 31. Qe1 Qd3+ 32. Kg1 Qxd4+ 33.
Kh1 e3 34. Rc1 h6 35. Qg3 Be4 36. Rg1 e2 37. Kh2 Rd1 38. Re1 Rd3 39. Qb8+ Kh7
40. Qxb7 Qf2 41. Rxe2 Qg3+ 42. Kg1 Rd1+ 43. Re1 Qxg2# 0-1

[Event "Tournoi francophone 004 Groupe C"]
[Site "Skype"]
[Date "????.??.??"]
[Round "3.4"]
[White "Porcabeuf, Jean-Marc"]
[Black "Coruble, Didier"]
[Result "0-1"]
[WhiteElo "1359"]
[BlackElo "1479"]
[PlyCount "48"]

1. d4 e6 2. Nf3 Nc6 3. e3 d5 4. Bd3 g6 5. O-O Bg7 6. Re1 Nf6 7. Nbd2 O-O 8. c3
a6 9. e4 Ne7 10. exd5 Nfxd5 11. Ne4 f6 12. Ng3 b5 13. Qc2 f5 14. Bg5 Bb7 15.
Rxe6 Bf6 16. Bh6 Rf7 17. Rae1 Qd7 18. Ng5 Bxg5 19. Bxg5 Re8 20. Nxf5 gxf5 21.
Bxf5 Rxf5 22. Bxe7 Nxe7 23. Qd2 Qd5 24. Qh6 Qxg2# 0-1

[Event "Tournoi francophone 004 Groupe C"]
[Site "Skype"]
[Date "????.??.??"]
[Round "3.5"]
[White "Malbec, Robert"]
[Black "Gerbaux, Regis"]
[Result "1-0"]
[WhiteElo "1504"]
[BlackElo "1435"]
[PlyCount "37"]

1. e4 c5 2. Nf3 d6 3. d4 cxd4 4. Nxd4 Nf6 5. Nc3 a6 6. Bg5 e6 7. f4 Nbd7 8. Bd3
e5 9. Nf5 exf4 10. Bxf4 Ne5 11. Bxe5 dxe5 12. Qf3 Be7 13. Nxg7+ Kf8 14. Nf5 Rg8
15. O-O-O b5 16. Bxb5 axb5 17. Rxd8+ Bxd8 18. Qd3 Rxg2 19. Qxd8+ 1-0

[Event "Tournoi francophone 004 Groupe C"]
[Site "Skype"]
[Date "????.??.??"]
[Round "4.1"]
[White "De Coninck, Philippe"]
[Black "Gerbaux, Regis"]
[Result "0-1"]
[WhiteElo "1426"]
[BlackElo "1435"]
[PlyCount "54"]

1. e4 e5 2. Nf3 d6 3. Bb5+ Bd7 4. Bc4 Nf6 5. d3 Be7 6. Ng5 d5 7. exd5 Nxd5 8.
Nxf7 Kxf7 9. Bxd5+ Be6 10. Qh5+ g6 11. Qxe5 Bxd5 12. Nc3 Bxg2 13. Rg1 Bf6 14.
Qf4 Bc6 15. Bd2 Qe7+ 16. Ne2 Kg7 17. c3 Re8 18. Be3 Qe5 19. Qh6+ Kg8 20. O-O-O
Bg7 21. Qh4 Nd7 22. Rg5 Qf6 23. Rdg1 Nf8 24. Bd4 Qf7 25. Bxg7 Qxa2 26. Bf6 Qa1+
27. Kd2 Qxb2+ 0-1

[Event "Tournoi francophone 004 Groupe C"]
[Site "Skype"]
[Date "????.??.??"]
[Round "4.2"]
[White "Coruble, Didier"]
[Black "Malbec, Robert"]
[Result "1/2-1/2"]
[WhiteElo "1479"]
[BlackElo "1504"]
[PlyCount "87"]

1. b4 e5 2. b5 d5 3. d4 Nd7 4. a4 Ngf6 5. e3 Bd6 6. c3 O-O 7. Nd2 e4 8. h3 b6
9. f4 h6 10. g4 Nh7 11. h4 g6 12. Qe2 f6 13. Bg2 a6 14. Bb2 Rf7 15. Qd1 Ndf8
16. Bh3 a5 17. Qb3 Be7 18. O-O-O f5 19. g5 h5 20. Bf1 Be6 21. Kb1 Nd7 22. c4
dxc4 23. Qc3 Bb4 24. Qc2 Bxd2 25. Rxd2 Bd5 26. Qc3 Nb8 27. Bxc4 Kg7 28. Bxd5
Qxd5 29. Rc2 Ra7 30. Ne2 Kg8 31. Qa3 Qd6 32. Qxd6 cxd6 33. d5 Nd7 34. Rhc1 Nc5
35. Ba3 Nf8 36. Rc4 Nfd7 37. R1c3 Rf8 38. Nd4 Rb7 39. Nc6 Re8 40. Kc2 Kf7 41.
Kc1 Nd3+ 42. Kd2 N3c5 43. Ke2 Kg7 44. Kd2 1/2-1/2

[Event "Tournoi francophone 004 Groupe C"]
[Site "Skype"]
[Date "????.??.??"]
[Round "4.3"]
[White "Fouquereau, Andre"]
[Black "Porcabeuf, Jean-Marc"]
[Result "1-0"]
[WhiteElo "1443"]
[BlackElo "1359"]
[PlyCount "121"]

1. e4 e6 2. c3 d5 3. e5 c5 4. Nf3 Ne7 5. Qc2 Ng6 6. d4 Be7 7. Bd3 Bd7 8. h3 Kf8
9. Bg5 Kg8 10. Nbd2 Bxg5 11. Nxg5 Qxg5 12. g3 Qe7 13. Nf3 Nc6 14. h4 h5 15.
Bxg6 fxg6 16. Qxg6 Rf8 17. Ng5 Be8 18. Qc2 cxd4 19. cxd4 Nxd4 20. Qd3 Nf5 21.
O-O-O Bc6 22. Rhg1 Nh6 23. f4 Ng4 24. Qd4 b6 25. Kb1 b5 26. Rc1 Qd7 27. Rc5 a5
28. Rgc1 Rc8 29. Ka1 b4 30. Rxa5 g6 31. Ra7 Qe8 32. Qc5 Nh6 33. Re7 Qd8 34.
Nxe6 Nf5 35. Nxd8 Nxe7 36. Qxe7 Rh7 37. Qe6+ Kf8 38. Qxc8 Bd7 39. Qc5+ Re7 40.
Qxd5 b3 41. axb3 Bf5 42. Qa8 Re8 43. Qa3+ Re7 44. b4 Ke8 45. Nc6 Rd7 46. b3 Rd2
47. Qa7 Rd7 48. Qc5 g5 49. hxg5 Rf7 50. Nb8 Be6 51. Qd6 Bf5 52. Rc7 Rxc7 53.
Qxc7 Be6 54. Nc6 Kf8 55. b5 Bxb3 56. b6 Ba4 57. b7 Bxc6 58. b8=R+ Be8 59. Rb7
Bg6 60. Qg7+ Ke8 61. Qe7# 1-0

[Event "Tournoi francophone 004 Groupe C"]
[Site "Skype"]
[Date "????.??.??"]
[Round "4.4"]
[White "Sahrane, Juba"]
[Black "Dubois, Real"]
[Result "0-1"]
[WhiteElo "1615"]
[BlackElo "1418"]
[PlyCount "52"]

1. d4 d5 2. c4 e6 3. Nf3 c6 4. e3 Bb4+ 5. Bd2 Bxd2+ 6. Nbxd2 Nf6 7. c5 Nbd7 8.
Bd3 Qa5 9. Qc2 h6 10. O-O O-O 11. h3 Re8 12. Ne1 Nf8 13. f4 Qc7 14. g4 Rb8 15.
Rc1 Bd7 16. Ng2 a6 17. Nf3 b5 18. cxb6 Rxb6 19. Ne5 Re7 20. Nh4 Be8 21. f5 exf5
22. Nxf5 Rxe5 23. dxe5 Qxe5 24. Qf2 Rxb2 25. Nxh6+ gxh6 26. Qxf6 Qh2# 0-1

[Event "Tournoi francophone 004 Groupe C"]
[Site "Skype"]
[Date "????.??.??"]
[Round "4.5"]
[White "Martin, Jean-Claude"]
[Black "L'Herbon De Lussats, Jean"]
[Result "0-1"]
[WhiteElo "1464"]
[BlackElo "1515"]
[PlyCount "56"]

1. d4 Nf6 2. c4 g6 3. Nc3 Bg7 4. Nf3 O-O 5. e4 c6 6. e5 Ne8 7. Bd3 d6 8. Bf4 f6
9. exd6 exd6 10. O-O Be6 11. d5 Bf7 12. dxc6 Nxc6 13. Be4 f5 14. Bxc6 bxc6 15.
Qd3 Qc7 16. Rad1 Rd8 17. Ng5 c5 18. Nxf7 Rxf7 19. Nb5 Qb6 20. b3 Rfd7 21. Bg5
Bf6 22. Bxf6 Nxf6 23. Nc3 Qc6 24. Nd5 Ne4 25. f3 Rf7 26. fxe4 fxe4 27. Qxe4 Kg7
28. Qd4+ cxd4 0-1

[Event "Tournoi francophone 004 Groupe C"]
[Site "Skype"]
[Date "????.??.??"]
[Round "5.1"]
[White "L'Herbon De Lussats, Jean"]
[Black "De Coninck, Philippe"]
[Result "1-0"]
[WhiteElo "1515"]
[BlackElo "1426"]
[PlyCount "59"]

1. d4 e5 2. dxe5 Nc6 3. Nf3 Qe7 4. Bf4 Qb4+ 5. Bd2 Qe4 6. Nc3 Qf5 7. e4 Qe6 8.
Ng5 Qe7 9. f4 h6 10. Nf3 d6 11. Nd5 Qd8 12. Bb5 dxe5 13. Nxe5 Bd7 14. Nxd7 Qxd7
15. Bc3 O-O-O 16. O-O f6 17. Be2 Bc5+ 18. Kh1 Nge7 19. Bg4 f5 20. Nxe7+ Nxe7
21. exf5 Qxd1 22. Raxd1 Kb8 23. Bxg7 Rhg8 24. f6 Nd5 25. Rd3 Nxf6 26. Rxd8+
Rxd8 27. Bxf6 Rf8 28. Be5 a6 29. Rd1 Be3 30. g3 1-0

[Event "Tournoi francophone 004 Groupe C"]
[Site "Skype"]
[Date "????.??.??"]
[Round "5.2"]
[White "Dubois, Real"]
[Black "Martin, Jean-Claude"]
[Result "1/2-1/2"]
[WhiteElo "1418"]
[BlackElo "1464"]
[PlyCount "64"]

1. c4 c5 2. Nc3 Nc6 3. g3 g6 4. Bg2 Bg7 5. Nf3 Nf6 6. d3 O-O 7. O-O d6 8. e4 e5
9. Bg5 Be6 10. Qb3 Rb8 11. a3 h6 12. Bxf6 Bxf6 13. Qc2 Nd4 14. Nxd4 exd4 15.
Ne2 Re8 16. Qd2 Bg5 17. f4 Bf6 18. f5 Bg5 19. fxe6 Bxd2 20. exf7+ Kg7 21.
fxe8=Q Qxe8 22. Rad1 Be3+ 23. Kh1 b6 24. Rf3 Qe7 25. Rdf1 a5 26. g4 g5 27. Ng3
Kg6 28. Nf5 Qe5 29. b3 Bf4 30. h3 b5 31. Nh4+ Kg7 32. Nf5+ Kg6 1/2-1/2

[Event "Tournoi francophone 004 Groupe C"]
[Site "Skype"]
[Date "????.??.??"]
[Round "5.3"]
[White "Porcabeuf, Jean-Marc"]
[Black "Sahrane, Juba"]
[Result "0-1"]
[WhiteElo "1359"]
[BlackElo "1615"]
[PlyCount "140"]

1. d4 Nf6 2. c4 e6 3. Nf3 b6 4. e3 Bb7 5. Bd3 d5 6. O-O c5 7. Nc3 cxd4 8. Nxd4
Bc5 9. Re1 Bxd4 10. exd4 dxc4 11. Bxc4 O-O 12. Bd3 Nc6 13. Be3 Nd5 14. Nxd5
Qxd5 15. f3 Rad8 16. Qd2 Nxd4 17. Be4 Nxf3+ 18. Bxf3 Qxd2 19. Bxd2 Bxf3 20. Bc3
Bb7 21. Re3 Rd7 22. Rae1 Rfd8 23. h3 h6 24. Rg3 g6 25. h4 Rd3 26. Rxd3 Rxd3 27.
h5 Rg3 28. hxg6 Rxg2+ 29. Kf1 Rxg6 30. Bb4 h5 31. Rd1 Rg4 32. Rd8+ Kh7 33. Bc3
a6 34. Rh8+ Kg6 35. Rg8+ Kf5 36. Rh8 Rh4 37. Rh7 Rf4+ 38. Kg1 Kg4 39. Rg7+ Kh3
40. Be5 Rg4+ 41. Rxg4 Kxg4 42. Bd4 b5 43. b4 Kf3 44. Kh2 f5 45. Kh3 Bc6 46. Kh4
Be8 47. Kg5 Ke4 48. Bc3 Kd5 49. Kf6 f4 50. Be1 f3 51. Ke7 Bg6 52. Bf2 e5 53.
Kd7 Kc4 54. Kc6 Kxb4 55. Kb6 Ka3 56. Kxa6 Kxa2 57. Kxb5 Kb3 58. Kc5 Kc3 59. Kd5
e4 60. Be1+ Kd3 61. Ke5 e3 62. Kf4 f2 63. Bxf2 exf2 64. Kg5 f1=Q 65. Kxg6 h4
66. Kg5 h3 67. Kg4 h2 68. Kg3 h1=Q 69. Kg4 Qhg2+ 70. Kh4 Qfh1# 0-1

[Event "Tournoi francophone 004 Groupe C"]
[Site "Skype"]
[Date "????.??.??"]
[Round "5.4"]
[White "Malbec, Robert"]
[Black "Fouquereau, Andre"]
[Result "0-1"]
[WhiteElo "1504"]
[BlackElo "1443"]
[PlyCount "74"]

1. e4 e5 2. Nf3 d6 3. Bc4 Be7 4. d4 Nf6 5. Nc3 c6 6. dxe5 dxe5 7. Qxd8+ Bxd8 8.
Nxe5 O-O 9. O-O Nbd7 10. Nf3 b5 11. Bd3 Bc7 12. Bd2 Ng4 13. h3 Nge5 14. Nxe5
Nxe5 15. Kh1 Be6 16. Ne2 Rad8 17. Bb4 Rfe8 18. Rad1 Nxd3 19. cxd3 Bb6 20. a3 c5
21. Bc3 a5 22. b4 Bb3 23. Rd2 cxb4 24. axb4 a4 25. Nc1 Rc8 26. Bb2 Be6 27. f4
Red8 28. f5 Bb3 29. Nxb3 axb3 30. Rb1 Rc2 31. Bc1 Rdc8 32. Rxc2 Rxc2 33. Kh2
Bc7+ 34. Kg1 Be5 35. Be3 b2 36. d4 Bxd4 37. Rxb2 Bxe3+ 0-1

[Event "Tournoi francophone 004 Groupe C"]
[Site "Skype"]
[Date "????.??.??"]
[Round "5.5"]
[White "Gerbaux, Regis"]
[Black "Coruble, Didier"]
[Result "1-0"]
[WhiteElo "1435"]
[BlackElo "1479"]
[PlyCount "89"]

1. e4 d5 2. exd5 Qxd5 3. Nc3 Qd8 4. d4 e6 5. Nf3 Bd6 6. Ne5 Qe7 7. Qg4 Qf6 8.
Be2 h5 9. Qf3 Qxf3 10. Bxf3 Nf6 11. h3 O-O 12. Bg5 Nh7 13. Ne4 Nxg5 14. Nxg5 f6
15. Ng6 Rd8 16. Bxh5 fxg5 17. O-O-O c5 18. dxc5 Bf4+ 19. Nxf4 Rxd1+ 20. Rxd1
gxf4 21. Rd8+ Kh7 22. Rxc8 g6 23. Rc7+ Kh6 24. Bf3 Nc6 25. Bxc6 bxc6 26. Rxc6
Re8 27. Rc7 e5 28. Rxa7 e4 29. Rd7 e3 30. fxe3 fxe3 31. Rd1 Rf8 32. Re1 Rf2 33.
b3 e2 34. Kb2 Rxg2 35. c6 Rf2 36. c7 Rf8 37. Rxe2 Rc8 38. Re7 g5 39. c4 Kh5 40.
b4 Kh4 41. Rh7+ Kg3 42. b5 Rxc7 43. Rxc7 Kxh3 44. b6 g4 45. b7 1-0

[Event "Tournoi francophone 004 Groupe C"]
[Site "Skype"]
[Date "????.??.??"]
[Round "6.1"]
[White "De Coninck, Philippe"]
[Black "Coruble, Didier"]
[Result "1-0"]
[WhiteElo "1426"]
[BlackElo "1479"]
[PlyCount "47"]

1. e4 c5 2. Nf3 Nc6 3. d4 e6 4. Be3 b6 5. Nc3 a6 6. Be2 h6 7. O-O g5 8. d5 exd5
9. Qxd5 Qe7 10. Rad1 Nf6 11. Qd3 Nb4 12. Qc4 a5 13. a3 Ba6 14. Nb5 Qd8 15. axb4
Ng4 16. h3 Nxe3 17. fxe3 axb4 18. Ne5 Qe7 19. Qxf7+ Qxf7 20. Nxf7 Rh7 21. Nc7+
Ke7 22. Bxa6 Ra7 23. Nd5+ Ke6 24. Rf6# 1-0

[Event "Tournoi francophone 004 Groupe C"]
[Site "Skype"]
[Date "????.??.??"]
[Round "6.2"]
[White "Fouquereau, Andre"]
[Black "Gerbaux, Regis"]
[Result "0-1"]
[WhiteElo "1443"]
[BlackElo "1435"]
[PlyCount "96"]

1. e4 e5 2. Nf3 Nc6 3. c3 Nf6 4. Qc2 g6 5. d3 Bg7 6. Bg5 O-O 7. Be2 d6 8. Nbd2
Be6 9. O-O d5 10. Rac1 Rc8 11. Rfd1 d4 12. Nb3 Qd6 13. a3 dxc3 14. bxc3 Qxa3
15. Ra1 Qxb3 16. Qxb3 Bxb3 17. Rdb1 Be6 18. Rxb7 Rfd8 19. h3 Rd7 20. Be3 Rb8
21. Rxb8+ Nxb8 22. Rxa7 Nc6 23. Ra6 Nb8 24. Ra8 Rd8 25. Nxe5 Nc6 26. Rxd8+ Nxd8
27. Bf3 Nh5 28. d4 f6 29. Nd3 f5 30. e5 Bc4 31. Nf4 Nxf4 32. Bxf4 Ne6 33. g3
Nxf4 34. gxf4 Bh6 35. Bc6 Bxf4 36. Kg2 Bd2 37. d5 Bxc3 38. e6 Kf8 39. Kf3 g5
40. Kg3 Ke7 41. f3 Bd2 42. h4 h6 43. h5 Be1+ 44. Kh2 Bf1 45. Kg1 Be2 46. Kg2 f4
47. Bd7 g4 48. Bc6 Bxf3+ 0-1

[Event "Tournoi francophone 004 Groupe C"]
[Site "Skype"]
[Date "????.??.??"]
[Round "6.3"]
[White "Sahrane, Juba"]
[Black "Malbec, Robert"]
[Result "1-0"]
[WhiteElo "1615"]
[BlackElo "1504"]
[PlyCount "63"]

1. e4 e5 2. Nf3 Nc6 3. Bb5 a6 4. Ba4 Nf6 5. d3 b5 6. Bb3 Bc5 7. O-O h6 8. Nc3
d6 9. h3 O-O 10. Kh1 Rb8 11. a3 Qe8 12. Nh2 Nd4 13. Nd5 Nxd5 14. Bxd5 c6 15.
Ba2 Qd8 16. Ng4 Bxg4 17. Qxg4 Kh8 18. c3 Ne6 19. f4 exf4 20. Bxf4 Qe7 21. Bd2
Rg8 22. Rf3 Rbd8 23. Raf1 Rdf8 24. Qh5 Ng5 25. Rf5 Ne6 26. Rxf7 Rxf7 27. Rxf7
Qe8 28. Bxh6 Qxf7 29. Qxf7 gxh6 30. Bxe6 Rg7 31. Qe8+ Kh7 32. Bf5+ 1-0

[Event "Tournoi francophone 004 Groupe C"]
[Site "Skype"]
[Date "????.??.??"]
[Round "6.4"]
[White "Martin, Jean-Claude"]
[Black "Porcabeuf, Jean-Marc"]
[Result "1-0"]
[WhiteElo "1464"]
[BlackElo "1359"]
[PlyCount "65"]

1. d4 d5 2. c4 Nf6 3. Nc3 b6 4. Bf4 a6 5. cxd5 Nxd5 6. Nxd5 Qxd5 7. Bxc7 Nc6 8.
e3 e6 9. Nf3 Bb7 10. Bxb6 Bb4+ 11. Nd2 Ba5 12. Bxa5 Nxa5 13. b3 O-O 14. f3 Rac8
15. Rc1 Rxc1 16. Qxc1 Rc8 17. Bc4 Nxc4 18. Nxc4 e5 19. Qc3 e4 20. O-O h6 21.
Qb4 Qb5 22. Qxb5 axb5 23. Nd6 Rc2 24. Nxb7 Re2 25. fxe4 Rxe3 26. Nd6 f6 27.
Nxb5 Rxe4 28. a4 Re3 29. Rf3 Re1+ 30. Kf2 Rb1 31. Rd3 Rb2+ 32. Kf3 g5 33. d5
1-0